00743nam a2200241Ia 4500008004000000020001500040041000800055082001500063100002000078245004700098260006100145300001300206650001500219650001200234650001500246650000700261650001400268690002200282700001900304906001100323999001900334952014800353210210b2005 xxu||||| |||| 00| 0 eng d a8188237329 aeng a547.3 AHLL aAHLUWALIA (V K) aLaboratory techniques in organic chemistry aNew DelhibI.K. International Pub. House Pvt. Ltd.c2005 aviii,195 atechniques aorganic aLaboratory ain achemistry aOrganic Chemistry aBHAGAT (Pooja) a064758 c141711d141711 001040708ChemistryaALbALcChemistryd2021-02-17eAthulya Books, Kannurg195.00l0o547.3 AHLLp064758r2021-02-17 00:00:00w2021-02-17yBK